1040 1419 1765 1169 1959 1584 1932 1665 1753 1112 1530 1329 1754 1187 1840 1816 1522 1693 1058 1003 1976 1670 1676 1197 1183 1452 1673 1158 1604 1138 1737 1323 1189 1545 1877 1265 1136 1759 1268 1239 1266 1165 1472 1365 1670 1519 1458 1665 1858 1896 1758 1587 1095 1705 1303 1815 1636 1508 1304 1184 1377 1380 1546 1483 1253 1138 1540 1905 1071 1998 1555 1944 1794 1299 1325 1071 1188 1537 1495 1137 1398 1761 1002 1573 1275 1448 1384 1020 1843 1274 1804 1870 1797 1726 1426 1041 1140 1763 1467 BCNSPRNW ULIB Ver.6.0+V

เปลี่ยนเป็นภาษาไทย

Change to English
 แสดงรายละเอียดบรรณานุกรม
  กลับหน้าหลัก

Brief Record : Get Marc (ISO 2709) : E-mail record : QR code < ปิดหน้าต่าง
LEADER : 00000nam 2200000uu 4500
001    13399112875
003     ULIB
008    110915s2553||||th 000 0 tha d
020    9746459465(ล.2)
050  4 HA29.5.T5^bส719ส 2553 ล.2
110 2  มหาวิทยาลัยสุโขทัยธรรมาธิราช.^bสาขาวิชาวิทยาศาสตร์สุขภาพ
245 10  เอกสารการสอนชุดวิชาสถิติและการวิจัยสำหรับวิทยาศาสตร์สุขภาพ หน่วยที่ 8-15=^bStatistics and research in health science / ^cสาขาวิชาวิทยาศาสตร์สุขภาพ มหาวิทยาลัยสุโขทัยธรรมาธิราช
246 30 สถิติและการวิจัยสำหรับวิทยาศาสตร์สุขภาพ
246 31 Statistics and research in health science
250    พิมพ์ครั้งที่ 8 ฉบับปรับปรุงครั้งที่ 2
260    นนทบุรี :^bมหาวิทยาลัยสุโขทัยธรรมาธิราช,^c2553
300    เล่ม :^bภาพประกอบ
440  0 มหาวิทยาลัยสุโขทัยธรรมาธิราช ;^vอ.50103
504    บรรณานุกรมท้ายเล่ม
505 0  สารบัญ: ล.1. หน่วยที่ 1-7-- ล.2. หน่วยที่ 8-15
650  4 สถิติศาสตร์
650  4 วิจัย
650  4 วิทยาศาสตร์การแพทย์^xวิจัย
650  4 วิทยาศาสตร์สุขภาพ^xวิจัย
650  4 สถิติและการวิจัยสำหรับวิทยาศาสตร์สุขภาพ
945    ^p264^l0^i030515
945    ^p264^l0^i030516
945    ^p264^l0^i030517
945    ^p264^l0^i030518
945    ^p264^l0^i030519
945    ^p264^l0^i030520
945    ^p264^l0^i030521
995    เกษร
999 ^a ใช้งานได้ทุกระบบ
รายการนี้ยังไม่มีแท็ก
คุณยังไม่ได้ล็อกอิน คุณสามารถมีกิจกรรมร่วมกับเว็บไซต์ได้ แต่ต้องล็อกอินก่อน ::
  ล็อกอิน

รายการสื่อสารสนเทศ

ลำดับที่ ประเภท เลขเรียก/บาร์โค้ด สถานที่ สถานะ
- ไม่พบข้อมูล -

รายการใกล้เคียง
    หัวเรื่อง [สถิติศาสตร์]
    หัวเรื่อง [วิจัย]
    หัวเรื่อง [สถิติและการวิจัยสำหรับวิทยาศาสตร์สุขภาพ]

BibComment


ยังไม่เคยถูกคอมเมนท์

คอมเมนท์ทรัพยากรรายการนี้
  คอมเมนท์: เอกสารการสอนชุดว..


 Copyright 2026. Bcnsprnw @Library